000 00282nam a2200133Ia 4500
100 _aISTE-CIICP Monography Seriesc
942 _cBK
654 _aInstitution Management
245 _aInstitution Management
260 _bnone
300 _a50
546 _aENGLISH
999 _c29330
_d29330